005130000a2200109000450024500300000030000500003052001590008077300490023994200080028895200900029699900170038610aContenidos y conectividad aVol.0, núm.2 ( Mayo-Junio,2004) Página 17 aLa educación gana en calidad con el uso de herramientas tecnológicas, pero también enfrenta nuevos retos. Así es en el Tecnológico de Monterrey.0 tEducación superior : Boletín informativo cANA 001040708HEMaFUSBCbFUSBCd2016-01-26l0o r2016-01-26 00:00:00w2016-01-26yANA c61164d61164